|
|
|
|
| LEADER |
00000nam0a2200000 4500 |
| 001 |
47761 |
| 005 |
20231031030515.0 |
| 035 |
|
|
|a (RuTPU)RU\TPU\book\49899
|
| 090 |
|
|
|a 47761
|
| 100 |
|
|
|a 20030221d1983 k y0rusy50 ca
|
| 101 |
1 |
|
|a rus
|c eng
|
| 102 |
|
|
|a RU
|
| 105 |
|
|
|a a z 001zy
|
| 200 |
1 |
|
|a Геохимия стабильных изотопов
|e пер. с англ.
|f Й. Хёфс
|
| 210 |
|
|
|a Москва
|c Мир
|d 1983
|
| 215 |
|
|
|a 198 с.
|c ил.
|
| 320 |
|
|
|a Библиогр.: с. 157-190.
|
| 320 |
|
|
|a Предм. указ.: с. 191-197.
|
| 610 |
1 |
|
|a геология
|
| 610 |
1 |
|
|a геохимия
|
| 610 |
1 |
|
|a изотопы
|
| 610 |
1 |
|
|a теория
|
| 610 |
1 |
|
|a свойства
|
| 610 |
1 |
|
|a химические элементы
|
| 610 |
1 |
|
|a стабильные изотопы
|
| 675 |
|
|
|a 550.42:546
|v 3
|
| 700 |
|
1 |
|a Хёфс
|b Й.
|g Йохен
|
| 801 |
|
1 |
|a RU
|b 63413507
|c 20030221
|g PSBO
|
| 801 |
|
2 |
|a RU
|b 63413507
|c 20150722
|g PSBO
|
| 942 |
|
|
|c BK
|